Exergy : (Record no. 171802)

MARC details
000 -LEADER
fixed length control field 00990cam a22002895i 4500
001 - CONTROL NUMBER
control field 21756837
003 - CONTROL NUMBER IDENTIFIER
control field OSt
005 - DATE AND TIME OF LATEST TRANSACTION
control field 20250520110522.0
008 - FIXED-LENGTH DATA ELEMENTS--GENERAL INFORMATION
fixed length control field 201014s2020 mau 000 0 eng
020 ## - INTERNATIONAL STANDARD BOOK NUMBER
International Standard Book Number 9780128243725 (hardcover)
040 ## - CATALOGING SOURCE
Original cataloging agency DLC
Language of cataloging eng
Description conventions rda
Transcribing agency DLC
Modifying agency NUST
050 ## - LIBRARY OF CONGRESS CALL NUMBER
Classification number TJ265 DIN
100 1# - MAIN ENTRY--PERSONAL NAME
Personal name Dincer, Ibrahim
Relator term Author
245 10 - TITLE STATEMENT
Title Exergy :
Remainder of title energy, environment and sustainable development /
Statement of responsibility, etc. Ibrahim Dincer and Marc A Rosen.
250 ## - EDITION STATEMENT
Edition statement Third edition.
260 ## - PUBLICATION, DISTRIBUTION, ETC.
Place of publication, distribution, etc. Amsterdam :
Name of publisher, distributor, etc. Elsevier,
Date of publication, distribution, etc. 2021.
300 ## - PHYSICAL DESCRIPTION
Extent xix, 703 pages :
Other physical details Illustrations ;
Dimensions 29 cm.
336 ## - CONTENT TYPE
Content type term text
Content type code txt
Source rdacontent
337 ## - MEDIA TYPE
Media type term unmediated
Media type code n
Source rdamedia
338 ## - CARRIER TYPE
Carrier type term volume
Carrier type code nc
Source rdacarrier
504 ## - BIBLIOGRAPHY, ETC. NOTE
Bibliography, etc. note Includes bibliographical references and index.
650 ## - SUBJECT ADDED ENTRY--TOPICAL TERM
Form subdivision Conservation of energy resources.
650 ## - SUBJECT ADDED ENTRY--TOPICAL TERM
Form subdivision Systems analysis.
650 ## - SUBJECT ADDED ENTRY--TOPICAL TERM
Form subdivision Energy conservation.
700 1# - ADDED ENTRY--PERSONAL NAME
Personal name Rosen, Marc A
Relator term Author
942 ## - ADDED ENTRY ELEMENTS (KOHA)
Source of classification or shelving scheme Library of Congress Classification
Koha item type Ordinary Loan Books
Edition Third edition.
Classification part TJ265 DIN
Call number prefix TJ
Call number suffix DIN
Suppress in OPAC No
Holdings
Withdrawn status Lost status Source of classification or shelving scheme Damaged status Not for loan Collection Home library Current library Shelving location Date acquired Source of acquisition Cost, normal purchase price Total Checkouts Full call number Barcode Date last seen Accession number Cost, replacement price Price effective from Koha item type Public note
    LCC     NFIC MAIN MAIN GEN 05/20/2025 Book Aid International 124.00   TJ265 DIN 92004056896 05/20/2025 62452 124.00 05/20/2025 BOOKS Donation